Výchovný poradca

V príspevku sa autorka venuje kariérovej pozícii výchovného poradcu. Pripomenie, ako kariérovú pozíciu definuje zákon č. 138/2019 Z. z. o pedagogických zamestnancoch a odborných zamestnancoch a uvedie, ako výchovné poradenstvo definuje zákon č. 245/2008 Z. z. o výchove a vzdelávaní (školský zákon) a...

Descrizione completa

Salvato in:
Dettagli Bibliografici
Autore principale: Matulová Juríková, Zdenka
Natura: Capitolo di libro
Lingua:slovacco
Soggetti:
Tags: Aggiungi Tag
Nessun Tag, puoi essere il primo ad aggiungerne!!

MARC

LEADER 00000naa a2200000 4500
001 0295649
005 20240417075244.1
041 0 |a slo 
044 |a SK 
245 1 0 |a Výchovný poradca  |c Zdenka Matulová Juríková 
520 |a V príspevku sa autorka venuje kariérovej pozícii výchovného poradcu. Pripomenie, ako kariérovú pozíciu definuje zákon č. 138/2019 Z. z. o pedagogických zamestnancoch a odborných zamestnancoch a uvedie, ako výchovné poradenstvo definuje zákon č. 245/2008 Z. z. o výchove a vzdelávaní (školský zákon) a o zmene a doplnení niektorých zákonov. Priblíži kompetenčný profil výchovného poradcu podľa Pokynu ministra č. 39/2017, ktorým sa vydávajú profesijné štandardy pre jednotlivé kategórie a podkategórie pedagogických zamestnancov a odborných zamestnancov škôl a školských zariadení. 
610 2 0 |a poradenstvo profesionálne 
610 2 0 |a zariadenia výchovné 
610 2 0 |a pedagógovia 
610 2 0 |a zamestnanci odborní 
610 2 0 |a zákony 
610 2 0 |a zariadenia školské 
100 1 |a Matulová Juríková, Zdenka